00367nam a2200109Ia 4500082001400000100001800014245012200032260004200154300001500196504003600211650001000247 a297 KHA-R aKhan, Saad S. 0aReasserting international islam: a focus on the organization of the islamic conference and other islamic institutions aOxfordbOxford University Pressc2001 axviii, 360 aincludes bibliography and index aIslam